Los canales de la participación ciudadana: Panamá /
Bewaard in:
| Hoofdauteur: | |
|---|---|
| Formaat: | Texto |
| Tags: |
Voeg label toe
Geen labels, Wees de eerste die dit record labelt!
|
MARC
| LEADER | 00000 a a2200000 04500 | ||
|---|---|---|---|
| 001 | 7404 | ||
| 003 | |||
| 040 | |||
| 100 | |a Leis R, Raúl Alberto | ||
| 245 | |a Los canales de la participación ciudadana: |b Panamá / |c Raúl Alberto Leis R | ||
| 773 | |g número 12; páginas 26-34 | ||
| 999 | |c 36316 |d 36316 | ||
